| 000 | 00516nam a22001575i 4500 | ||
|---|---|---|---|
| 001 | 169499 | ||
| 003 | ES-MaACL | ||
| 005 | 20230906214118.0 | ||
| 008 | 080925s1885 fr |||| | fre d | ||
| 080 | _a681.7 | ||
| 245 | 0 | 0 | _aHistorique & catalogue de tous les instruments d'optique supérieure appliqués aux sciences et a l'industrie. |
| 260 |
_aParis : _bJules Duboscq, _c1885. |
||
| 300 |
_a114 p. : _bil. ; _c24 cm. |
||
| 650 |
_aÓptica- _xAparatos e instrumentos. _9151723 |
||
| 852 |
_aES-MaACL _jT-1103-F-17 |
||
| 999 |
_c169499 _d169499 |
||